00875nam a2200169 a 450000100100000000500170001000800410002704000250006808200150009310000450010824503010015326000990045430000130055304900090056695201130057599900170068800002943520200930055541.0110415s1980 dr 000 0 spa d aDO-SdBNPbspacBNPHU axxxbG492d1 aGinebra Hernández, Luis Augusto95631110aDiscurso pronunciado por el dr. Luis Augusto Ginebra con los auspicios del Consejo Nacional de Hombres de empresa, durante la cena de la unidad empresarial efectuada en el salón ambar del hotel plaza dominicana, el día 3 de julio de 1980, en Santo Domingo /cLuis Augusto Ginebra Hernández. aSanto Domingo :bConsejo Nacional de Hombres de Empresa de la República Dominicana,c[1980]. a[18 p.]. aBNPD 0010718PDaPDbPDcCTd2011-04-15iLF1l0oxxx G492dp29435-10r2020-06-25w2020-06-25yLFPDZNo se presta c28927d28927